Presidents of the United States - Statistics

General Stats
  • This quiz has been taken 108 times
  • The average score is 31 of 47
Answer Stats
Order Terms Party Answer % Correct
1st 1789-1797 Independent George Washington
93%
47th 2025- Republican Donald J. Trump
91%
45th 2017-2021 Republican Donald J. Trump
91%
2nd 1797-1801 Federalist John Adams
89%
6th 1825-1829 Democratic-Republican John Q. Adams
89%
46th 2021-2025 Democrat Joseph R. Biden
89%
44th 2009-2017 Democrat Barack H. Obama
88%
41st 1989-1993 Republican George H. W. Bush
84%
43rd 2001-2009 Republican George W. Bush
84%
3rd 1801-1809 Democratic-Republican Thomas Jefferson
84%
16th 1861-1865 Republican Abraham Lincoln
82%
35th 1961-1963 Democrat John F. Kennedy
79%
42nd 1993-2001 Democrat William J. Clinton
79%
7th 1829-1837 Democrat Andrew Jackson
73%
5th 1817-1825 Democratic-Republican James Monroe
73%
37th 1969-1974 Republican Richard M. Nixon
73%
32nd 1933-1945 Democrat Franklin D. Roosevelt
71%
39th 1977-1981 Democrat James E. Carter
71%
4th 1809-1817 Democratic-Republican James Madison
71%
40th 1981-1989 Republican Ronald W. Reagan
71%
26th 1901-1909 Republican Theodore Roosevelt
70%
34th 1953-1961 Republican Dwight D. Eisenhower
68%
38th 1974-1977 Republican Gerald R. Ford
68%
23rd 1889-1893 Republican Benjamin Harrison
66%
9th 1841 Whig William H. Harrison
66%
17th 1865-1869 Democrat Andrew Johnson
64%
33rd 1945-1953 Democrat Harry S. Truman
64%
36th 1963-1969 Democrat Lyndon B. Johnson
64%
31st 1929-1933 Republican Herbert C. Hoover
61%
24th 1893-1897 Democrat Stephen G. Cleveland
61%
22nd 1885-1889 Democrat Stephen G. Cleveland
61%
28th 1913-1921 Democrat Thomas W. Wilson
61%
11th 1845-1849 Democrat James K. Polk
55%
8th 1837-1841 Democrat Martin Van Buren
55%
18th 1869-1877 Republican Ulysses S. Grant
55%
12th 1849-1850 Whig Zachary Taylor
55%
20th 1881 Republican James A. Garfield
52%
10th 1841-1845 Whig John Tyler
52%
14th 1853-1857 Democrat Franklin Pierce
50%
21st 1881-1885 Republican Chester A. Arthur
48%
15th 1857-1861 Democrat James Buchanan
48%
27th 1909-1913 Republican William H. Taft
48%
13th 1850-1853 Whig Millard Fillmore
46%
25th 1897-1901 Republican William McKinley
46%
30th 1923-1929 Republican John C. Coolidge
45%
19th 1877-1881 Republican Rutherford B. Hayes
45%
29th 1921-1923 Republican Warren G. Harding
38%
No matching quizzes found
Score Distribution
Percent of People with Each Score
Percentile by Number Answered
Your Score History
You have not taken this quiz